Sintetičeskije almazy. Tom 1

Na minha lista:
Detalhes bibliográficos
Formato: Livro
Idioma:russo
Publicado em: Kijev : Naukova dumka, 1979
Assuntos:
Tags: Adicionar Tag
Sem tags, seja o primeiro a adicionar uma tag!

MARC

LEADER 00000nam a22000003a 4500
001 stu41982
005 20141122045456.8
008 940203s1979----xxr-----------------rus-d
040 |a STU  |b slo 
041 0 |a rus 
044 |a xxr 
080 |a 669.21/.23 
080 |a 666.232 
245 |a Sintetičeskije almazy. Tom 1 
260 |a Kijev :  |b Naukova dumka,  |c 1979 
300 |a 80 s 
650 7 |a diamanty syntetické  |2 stusub 
650 7 |a Kovy drahé  |2 stusub 
996 |b 284M061774  |c M*2391/1-1  |l MMKN  |s A  |a 24  |w stu41982_0001